000 00501nam a2200181Ia 4500
003 OSt
005 20201211152014.0
008 190216s9999||||xx |||||||||||||| ||und||
020 _a9788188012756
040 _coclc
082 _a894.8124
_bKAR/A
100 _aKarassery, M N
_91986
245 0 _aAlochana /
_cM N Karassery
260 _bLipi Publications,
_c2008.
_aKozhikode:
300 _a119p
650 _aLekhanam
942 _cBK
_2ddc
_h894.8124
_iKAR/A
_k894.8124
_mKAR/A
999 _c30025
_d30025